Examination paper and markscheme pack : (Record no. 109693)
[ view plain ]
| 000 -LEADER | |
|---|---|
| fixed length control field | 00574nam a2200205 a 4500 |
| 005 - DATE AND TIME OF LATEST TRANSACTION | |
| control field | 20140414093847.0 |
| 008 - FIXED-LENGTH DATA ELEMENTS--GENERAL INFORMATION | |
| fixed length control field | 110219s19uu xx uuu eng d |
| 020 ## - INTERNATIONAL STANDARD BOOK NUMBER | |
| International Standard Book Number | 9781906345341 |
| 050 ## - LIBRARY OF CONGRESS CALL NUMBER | |
| Classification number | CDR 370.1 |
| Item number | EXA 2010 |
| 100 ## - MAIN ENTRY--PERSONAL NAME | |
| Personal name | International Baccalaureate |
| 245 ## - TITLE STATEMENT | |
| Title | Examination paper and markscheme pack : |
| Remainder of title | May 2010 examination session / |
| Statement of responsibility, etc | International Baccalaureate. |
| 250 ## - EDITION STATEMENT | |
| Edition statement | 2010 |
| 260 ## - PUBLICATION, DISTRIBUTION, ETC. (IMPRINT) | |
| Name of publisher, distributor, etc | IBO. |
| 650 ## - SUBJECT ADDED ENTRY--TOPICAL TERM | |
| Topical term or geographic name as entry element | Examination |
| 650 ## - SUBJECT ADDED ENTRY--TOPICAL TERM | |
| Topical term or geographic name as entry element | Markscheme |
| 650 ## - SUBJECT ADDED ENTRY--TOPICAL TERM | |
| Topical term or geographic name as entry element | International Baccalaureate |
| 942 ## - ADDED ENTRY ELEMENTS (KOHA) | |
| Koha item type | Audio Visual Materials |
| Withdrawn status | Lost status | Damaged status | Home library | Current library | Shelving location | Date acquired | Source of acquisition | Cost, normal purchase price | Total Checkouts | Full call number | Barcode | Date last seen | Price effective from | Koha item type | Date checked out |
|---|---|---|---|---|---|---|---|---|---|---|---|---|---|---|---|
| Luxembourg Library | Luxembourg Library | Audio Visual Material Section | 02/19/2011 | 109.00 | CDR 370.1 EXA 2010 | AV1362 | 04/14/2014 | 04/14/2014 | Audio Visual Materials | ||||||
| Luxembourg Library | Luxembourg Library | Audio Visual Material Section | 03/02/2013 | 109.00 | 1 | CDR 370.1 EXA 2010 | AV1511 | 11/27/2014 | 04/14/2014 | Audio Visual Materials | 11/26/2014 |